Muḥāḍarāt fī al-tanmiyah al-iqtiṣādīyah, (Record no. 48371)

MARC details
000 -LEADER
fixed length control field 00768cam a22002171 4500
001 - CONTROL NUMBER
control field ne 65001998
003 - CONTROL NUMBER IDENTIFIER
control field DLC
005 - DATE AND TIME OF LATEST TRANSACTION
control field 20260227111816.0
008 - FIXED-LENGTH DATA ELEMENTS--GENERAL INFORMATION
fixed length control field 840112s1963 ua 000 0 arar
010 ## - LIBRARY OF CONGRESS CONTROL NUMBER
LC control number ne 65001998
035 ## - SYSTEM CONTROL NUMBER
System control number (OCoLC)10292501
040 ## - CATALOGING SOURCE
Original cataloging agency DLC
Transcribing agency TxU
Modifying agency OCoLC
-- DLC
042 ## - AUTHENTICATION CODE
Authentication code premarc
050 00 - LIBRARY OF CONGRESS CALL NUMBER
Classification number HC59.7
Item number .K45
100 1# - MAIN ENTRY--PERSONAL NAME
Personal name Khalīl, Khalīl Ḥasan.
245 10 - TITLE STATEMENT
Title Muḥāḍarāt fī al-tanmiyah al-iqtiṣādīyah,
Statement of responsibility, etc. alqāhā Khalīl Ḥasan Khalīl ʻalá ṭalabat qism al-dirāsāt al-iqtiṣādīyah.
260 ## - PUBLICATION, DISTRIBUTION, ETC.
Place of publication, distribution, etc. [al-Qāhirah] :
Name of publisher, distributor, etc. Jāmiʻat al-Duwal al-ʻArabīyah, Maʻhad al-Dirāsāt al-ʻArabīyah al-ʻĀliyah,
Date of publication, distribution, etc. 1963.
300 ## - PHYSICAL DESCRIPTION
Extent 224 p. ;
Dimensions 24 cm.
504 ## - BIBLIOGRAPHY, ETC. NOTE
Bibliography, etc. note Bibliography: p. [223]-224.
651 #0 - SUBJECT ADDED ENTRY--GEOGRAPHIC NAME
Geographic name Developing countries.

No items available.

Powered by Koha